000 00352nam a2200157Ia 4500
003 OSt
005 20231211070140.0
008 170524s9999 xx 000 0 und d
020 _a81-7391-233-5
040 _ciimt
100 _aRatandeep Singh
245 0 _aDynamics of modern tourism
260 _bKanishka Pub.
260 _c1998
942 _2ddc
_c02
999 _c6785
_d6785